| 000 | 00710nam a22002417a 4500 | ||
|---|---|---|---|
| 999 |
_c3168 _d3168 |
||
| 003 | AR-CdUCM | ||
| 008 | 190306b ||||| |||| 00| 0 spa d | ||
| 040 |
_aMUNICIPALIDAD PROVINCIAL DEL CUSCO _cBIBLIOTECA MUNICIPAL DEL CUSCO |
||
| 041 | _heng | ||
| 082 |
_a818.44 / _bJ27 |
||
| 100 |
_aJames, Henry _91127 |
||
| 245 | _aRetrato de una Dama / | ||
| 260 |
_aBuenos Aires : _bEditorial Emecé, _c1916. |
||
| 300 |
_a780 páginas ; _c20 cm. |
||
| 440 |
_aColección a cargo de Eduardo Mallea _910665 |
||
| 505 | _aContenido: Literatura Inglesa. | ||
| 650 |
_aLiteratura inglesa _91015 |
||
| 650 |
_aNovela _95 |
||
| 650 |
_aSiglo XX _98 |
||
| 650 |
_aRealismo _9520 |
||
| 942 |
_2ddc _cLIBROS |
||
| 945 | _adavv | ||